Loading...
| Science - Chemistry | 0 | 5 | 0 | 1 | 50 | 89 | 119.60 | 0 | 1 | 0.00 | 0.00 |
| Fine Arts - Other | 0 | 4 | 0 | 0 | 40 | 63 | 93.25 | 0 | 1 | 0.00 | 0.00 |
| Religion | 0 | 4 | 1 | 2 | 35 | 101 | 129.00 | 0 | 1 | 0.00 | 0.00 |
| History - European | 0 | 3 | 0 | 2 | 30 | 110 | 133.00 | 0 | 0 | 0.00 | 0.00 |
| History - American | 0 | 4 | 2 | 2 | 30 | 116 | 137.75 | 0 | 0 | 0.00 | 0.00 |
| Science - Biology | 0 | 3 | 1 | 1 | 25 | 88 | 107.00 | 0 | 0 | 0.00 | 0.00 |
| Fine Arts - Classical Music | 0 | 3 | 1 | 1 | 25 | 106 | 115.00 | 0 | 0 | 0.00 | 0.00 |
| Current Events | 0 | 3 | 1 | 0 | 25 | 70 | 90.00 | 0 | 2 | 0.00 | 0.00 |
| Geography | 0 | 2 | 0 | 2 | 20 | 111 | 124.00 | 0 | 0 | 0.00 | 0.00 |
| Science - Other | 0 | 2 | 0 | 1 | 20 | 128 | 141.50 | 0 | 0 | 0.00 | 0.00 |
| Mythology | 0 | 2 | 1 | 0 | 15 | 132 | 142.00 | 0 | 0 | 0.00 | 0.00 |
| Literature - World | 0 | 1 | 0 | 0 | 10 | 107 | 107.00 | 0 | 0 | 0.00 | 0.00 |
| History - Other | 0 | 2 | 2 | 0 | 10 | 76 | 91.50 | 0 | 1 | 0.00 | 0.00 |
| History - World | 0 | 1 | 0 | 0 | 10 | 141 | 141.00 | 0 | 0 | 0.00 | 0.00 |
| Science - Physics | 0 | 1 | 0 | 0 | 10 | 135 | 135.00 | 0 | 0 | 0.00 | 0.00 |
| Social Science | 0 | 0 | 3 | 0 | -15 | 0.00 | 0 | 0 | 0.00 | 0.00 |